The Gospel of John : (Registro nro. 9847)

Detalles MARC
000 -LEADER
campo de control de longitud fija 02898cam a22006134i 4500
003 - IDENTIFICADOR DE NÚMERO DE CONTROL
campo de control PE-LiUPU
005 - FECHA Y HORA DE LA ÚLTIMA TRANSACCIÓN
campo de control 20250731172851.0
008 - DATOS DE LONGITUD FIJA--INFORMACIÓN GENERAL
campo de control de longitud fija 100730s2012 miu rb 001 0 eng d
020 ## - NÚMERO INTERNACIONAL ESTÁNDAR DEL LIBRO
Número Internacional Estándar del Libro 0801046750
020 ## - NÚMERO INTERNACIONAL ESTÁNDAR DEL LIBRO
Número Internacional Estándar del Libro 1598565370
020 ## - NÚMERO INTERNACIONAL ESTÁNDAR DEL LIBRO
Número Internacional Estándar del Libro 9780801046759
020 ## - NÚMERO INTERNACIONAL ESTÁNDAR DEL LIBRO
Número Internacional Estándar del Libro 9781598565379
020 ## - NÚMERO INTERNACIONAL ESTÁNDAR DEL LIBRO
ISBN cancelado o inválido 1441257918 (electronic bk.)
020 ## - NÚMERO INTERNACIONAL ESTÁNDAR DEL LIBRO
ISBN cancelado o inválido 9781441257918 (electronic bk.)
035 ## - NÚMERO DE CONTROL DEL SISTEMA
Número de control de sistema (Sirsi) i9780801046759
040 ## - FUENTE DE CATALOGACIÓN
Centro catalogador/agencia de origen RDC
Lengua de catalogación spa
Centro/agencia transcriptor RDC
Centro/agencia modificador OCLCQ
-- SGB
-- YDXCP
-- OCLCA
-- OCLCQ
-- OCLCF
-- CFT
-- OCLCA
-- PE-LiUPU
Normas de descripción rda
049 ## - FONDOS LOCALES (OCLC)
Biblioteca depositaria PRUA
082 04 - NÚMERO DE LA CLASIFICACIÓN DECIMAL DEWEY
Número de clasificación 226.5
Cutter K34
090 ## - LOCALMENTE ASIGNADO TIPO-LC NÚMERO DE CLASIFICACIÓN (OCLC); NÚMERO DE CLASIFICACIÓN LOCAL (RLIN)
Número de clasificación (OCLC) (R) ; Numero de clasificación, CALL (RLIN) (NR) BS2615.53 .K44 2010
100 1# - ENTRADA PRINCIPAL--NOMBRE DE PERSONA
Nombre de persona Keener, Craig S.,
Fechas asociadas al nombre 1960- ,
Término indicativo de función/relación autor.
245 14 - MENCIÓN DEL TÍTULO
Título The Gospel of John :
Resto del título a commentary /
Mención de responsabilidad, etc. Craig S. Keener.
264 #1 - PRODUCCIÓN, PUBLICACIÓN, DISTRIBUCIÓN, FABRICACIÓN Y COPYRIGHT
Producción, publicación, distribución, fabricación y copyright Grand Rapids, Michigan :
Nombre del de productor, editor, distribuidor, fabricante Baker Academic,
Fecha de producción, publicación, distribución, fabricación o copyright 2012.
300 ## - DESCRIPCIÓN FÍSICA
Extensión 2 volúmenes (xlviii, 1636 páginas) ;
Dimensiones 24 centímetros
336 ## - TIPO DE CONTENIDO
Término de tipo de contenido text
Fuente rdacontent
337 ## - TIPO DE MEDIO
Nombre/término del tipo de medio unmediated
Fuente rdamedia
337 ## - TIPO DE MEDIO
Nombre/término del tipo de medio volume
Fuente rdacarrier
504 ## - NOTA DE BIBLIOGRAFÍA, ETC.
Nota de bibliografía, etc. Bibliografía : páginas 1243-1409 (volumen 2).
504 ## - NOTA DE BIBLIOGRAFÍA, ETC.
Nota de bibliografía, etc. Índice : páginas 1411-1636 (volumen 2).
505 00 - NOTA DE CONTENIDO CON FORMATO
Información miscelánea Volumen 1,
Título Genre and Historical Considerations -- The Discourses of the Fourth Gospel -- Authorship -- Social Contexts -- A Jewish Context -- Revelatory Motifs: Knowledge, Vision, Signs -- Christology and Other Theology -- The Prologue (1:1-18) -- Witness in Judea, Samaria, and Galilee (1:19-6:71) -- Tabernacles and Hanukkah (7:1-10:42)
505 00 - NOTA DE CONTENIDO CON FORMATO
Información miscelánea Volumen 2,
Título Introducing the Passion (11:1-12:50) -- Farewell Discourse (13:1-17:26) -- The Passion and Resurrection (18:1-20:31) -- Epilogue (21:1-25)
526 ## - NOTA DE INFORMACIÓN SOBRE EL PROGRAMA DE ESTUDIO
Nombre del programa Segunda Especialidad En Profecías Bíblicas
526 ## - NOTA DE INFORMACIÓN SOBRE EL PROGRAMA DE ESTUDIO
Nombre del programa Segunda Especialidad En Nuevo Testamento
526 ## - NOTA DE INFORMACIÓN SOBRE EL PROGRAMA DE ESTUDIO
Nombre del programa Segunda Especialidad En Antiguo Testamento
526 ## - NOTA DE INFORMACIÓN SOBRE EL PROGRAMA DE ESTUDIO
Nombre del programa Segunda Especialidad En Estudios Adventistas
526 ## - NOTA DE INFORMACIÓN SOBRE EL PROGRAMA DE ESTUDIO
Nombre del programa Doctorado en teología
526 ## - NOTA DE INFORMACIÓN SOBRE EL PROGRAMA DE ESTUDIO
Nombre del programa Maestría en teología histórica
526 ## - NOTA DE INFORMACIÓN SOBRE EL PROGRAMA DE ESTUDIO
Nombre del programa Maestría en teología bíblica
526 ## - NOTA DE INFORMACIÓN SOBRE EL PROGRAMA DE ESTUDIO
Nombre del programa Maestría en teología
526 ## - NOTA DE INFORMACIÓN SOBRE EL PROGRAMA DE ESTUDIO
Nombre del programa Maestría en misionología
526 ## - NOTA DE INFORMACIÓN SOBRE EL PROGRAMA DE ESTUDIO
Nombre del programa Maestría en liderazgo eclesiástico
526 ## - NOTA DE INFORMACIÓN SOBRE EL PROGRAMA DE ESTUDIO
Nombre del programa Teología
596 ## -
-- 1
630 00 - PUNTO DE ACCESO ADICIONAL DE MATERIA--TÍTULO UNIFORME
Título uniforme Biblia.
Nombre de parte o sección de la obra Nuevo Testamento.
-- Juan
Subdivisión de forma Comentarios.
856 41 - LOCALIZACIÓN Y ACCESO ELECTRÓNICOS
Materiales especificados Tabla de contenidos :
Identificador Uniforme de Recursos <a href="http://catdir.loc.gov/catdir/toc/ecip046/2003016153.html">http://catdir.loc.gov/catdir/toc/ecip046/2003016153.html</a>
856 41 - LOCALIZACIÓN Y ACCESO ELECTRÓNICOS
Materiales especificados Tabla de contenidos :
Identificador Uniforme de Recursos <a href="http://catdir.loc.gov/catdir/toc/ecip046/2003016153.html">http://catdir.loc.gov/catdir/toc/ecip046/2003016153.html</a>
910 ## - DATOS DE OPCIÓN DEL USUARIO (OCLC)
Datos de opción del usuario jck
-- jck
-- jck
-- 20160609
942 ## - ELEMENTOS DE ENTRADA SECUNDARIOS (KOHA)
Fuente del sistema de clasificación o colocación Clasificación Decimal Dewey
Tipo de ítem Koha
949 ## - PROCESAMIENTO DE INFORMACIÓN LOCAL (OCLC)
a 226.5 K34 1
w DEWEY
c 1
i 73516
l CCODEBUL1
m BUL
p 21.00
r 0
s Y
t BOOK
u 2016-6-9
x TEOLOGIA
-- P85
0 COMPRA
o .STAFF. Posgrado
949 ## - PROCESAMIENTO DE INFORMACIÓN LOCAL (OCLC)
a 226.5 K34 2
w DEWEY
c 1
i 73517
l CCODEBUL1
m BUL
p 21.00
r 0
s Y
t BOOK
u 2016-6-9
x TEOLOGIA
-- P85
0 COMPRA
o .STAFF. Posgrado
994 ## -
-- C0
-- PEPRU
999 ## - NÚMEROS DE CONTROL DE SISTEMA (KOHA)
-- DEWEY
-- 73516
-- 2021-11-9
-- 5
-- CCODEBUL1
-- BUL
-- 21.00
-- 7
-- 0
-- Y
-- BOOK
-- 2016-6-9
-- TEOLOGIA
-- P85
-- COMPRA
-- .STAFF. Posgrado
999 ## - NÚMEROS DE CONTROL DE SISTEMA (KOHA)
-- DEWEY
-- 73517
-- 2021-11-9
-- 5
-- CCODEBUL1
-- BUL
-- 21.00
-- 5
-- 0
-- Y
-- BOOK
-- 2016-6-9
-- TEOLOGIA
-- P85
-- COMPRA
-- .STAFF. Posgrado
980 ## - EQUIVALENCIA O REFERENCIA-CRUZADA-MENCIÓN DE SERIE--NOMBRE DE PERSONA/TÍTULO [LOCAL, CANADÁ]
ID del último usuario que modificó el registro 1
Nombre del último usuario que modificó el registro ALBERTO SANCHEZ Responsable de Automatización
Existencias
Visto por última vez Número de inventario Total de préstamos Signatura topográfica completa Código de barras Copia número Coste, precio de reemplazo Fecha de reemplazo Facultad Tipo de ítem Koha Nota pública Estado de pérdida Fuente del sistema de clasificación o colocación Restricciones de uso No para préstamo Colección Programa académico Biblioteca de origen Biblioteca actual Ubicación en estantería Fecha de adquisición Fuente de adquisición Coste, precio normal de compra
2025-12-02 6   226.5 K34 1 73516 e1 26.00 2016-06-09   Libros físicos inventario-2023-12-13 No Perdido Clasificación Decimal Dewey No restringido Disponible para préstamos Colección General Maestría en teología Biblioteca CRAI UPeU Lima Biblioteca CRAI UPeU Lima Sala principal 2016-06-09 COMPRA 21.00
2025-12-02 6   226.5 K34 2 73517 e1 26.00 2016-06-09   Libros físicos inventario-2023-12-13 No Perdido Clasificación Decimal Dewey No restringido Disponible para préstamos Colección General Maestría en teología Biblioteca CRAI UPeU Lima Biblioteca CRAI UPeU Lima Sala principal 2016-06-09 COMPRA 21.00